| 000 | 01382nam a22003135a 4500 | ||
|---|---|---|---|
| 003 | EG-ScBUE | ||
| 005 | 20220428101551.0 | ||
| 008 | 160804s1985 enka f b 001 0 eng d | ||
| 020 | _a0582553792 | ||
| 020 | _a9780582553798 | ||
| 040 |
_aEG-ScBUE _beng _erda _cEG-ScBUE _dEG-ScBUE |
||
| 082 | 0 | 4 |
_222 _a415 _bCOU |
| 100 | 1 |
_940652 _aCoulthard, Malcolm‏, _eauthor. |
|
| 245 | 1 | 3 |
_aAn introduction to discourse analysis / _cMalcolm Coulthard. |
| 250 |
_aSecond edition, _bNew edition. |
||
| 264 | 1 |
_aHarlow, England : _bPearson Education Limited, _c1985. |
|
| 300 |
_ax, 216 pages : _billustrations ; _c22 cm. |
||
| 336 |
_2rdacontent _atext _btxt |
||
| 337 |
_2rdamedia _aunmediated _bn |
||
| 338 |
_2rdacarrier _avolume _bnc |
||
| 490 | 0 | _aApplied linguistics and language study | |
| 504 | _aIncludes bibliographical references and index. | ||
| 520 | _a The central concern of this book is the analysis of verbal interaction or discourse. The first six chapters evaluate theoretical advances in the description of discourse. The final chapters demonstrate how the findings of discourse analysis can investigate second-language teaching and first-language acquisition and to analyse literary texts. | ||
| 650 | 7 |
_aDiscourse analysis. _2BUEsh _9776 |
|
| 651 | _2BUEsh | ||
| 653 |
_cAugust 2016 _bHHUUEENN |
||
| 655 |
_vReading book _934232 |
||
| 942 |
_2ddc _e22 _k415 COU _cBB |
||
| 999 |
_c22115 _d22087 |
||